| 000 | 00348nam a2200133Ia 4500 | ||
|---|---|---|---|
| 005 | 20251222155153.0 | ||
| 008 | 251222s9999||||xx |||||||||||||| ||spa|| | ||
| 082 | _aEDUM.96 | ||
| 100 | _aJULIO KUROIWA HORIUCHI | ||
| 245 | 0 | _aPrevención de desastres viviendo en armonía con la naturaleza | |
| 250 | _a1ra. ed. | ||
| 264 | _bBruño | ||
| 942 | _cLIB | ||
| 999 |
_c39632 _d39632 |
||